Normal view MARC view
  • Supervisor: Lt.Col. Dr. Abdul Qudoos Khan

Entry Personal Name

Number of records used in: 1

001 - CONTROL NUMBER

  • control field: 127099

003 - CONTROL NUMBER IDENTIFIER

  • control field: NUST

005 - DATE AND TIME OF LATEST TRANSACTION

  • control field: 20241212115853.0

008 - FIXED-LENGTH DATA ELEMENTS

  • fixed length control field: 241212|| aca||aabn | a|a d

040 ## - CATALOGING SOURCE

  • Original cataloging agency: NUST
  • Transcribing agency: NUST

100 ## - HEADING--PERSONAL NAME

  • Personal name: Supervisor: Lt.Col. Dr. Abdul Qudoos Khan

670 ## - SOURCE DATA FOUND

  • Source citation: Work cat.: (NUST)230070: Zeb Anwar 127098, Factors affecting resource management of building projects in KPK Pakistan/, 2014
© 2023 Central Library, National University of Sciences and Technology. All Rights Reserved.